000 00516nam a2200205Ia 4500
003 OSt
005 20230329111733.0
008 210210b2014 xxu||||| |||| 00| 0 eng d
020 _a9780070529120
040 _cAL
041 _aeng
082 _a005.2762 KEOJ
100 _aKEOGH (Jim)
_979552
245 _aJ2EE: the complete reference
260 _aNew Delhi
_bTata McGraw Hill Education Pvt. Ltd.
_c2014
300 _axxvii,874
690 _aComputer Science
_979553
906 _a069192
942 _2ddc
_cBK
999 _c153328
_d153328